| 000 | 00401cam a22001337a 4500 | ||
|---|---|---|---|
| 008 | 180718b2001 xxu||||| |||| 00| 0 eng d | ||
| 020 | _a0821349600 | ||
| 082 | _aQ5x81 B739 | ||
| 245 | _aBrazil: critical issues in social security | ||
| 260 |
_aWashington, D.C. _bWorld Bank _c2001 |
||
| 300 | _a231p. | ||
| 440 | _aA world Bank country study | ||
| 650 | _aSocial security - Law and legislation - Brazil | ||
| 999 |
_c286425 _d286425 |
||